| 000 | 00000nam 2200000zi 4500 |
| 001 | 9.940162 |
| 003 | CaOODSP |
| 005 | 20250313071212 |
| 006 | m o d f |
| 007 | cr mn||||||||| |
| 008 | 240704t20242024onca o f000 0 eng d |
| 020 | |a9780660726571 |
| 040 | |aCaOODSP|beng|erda|cCaOODSP |
| 043 | |an-cn--- |
| 086 | 1 |aHP35-185/2024E-PDF |
| 245 | 00|aEnhanced Surveillance for Chronic Disease Program : |bESCDP. |
| 264 | 1|a[Ottawa] : |bPublic Health Agency of Canada = Agence de la santé publique du Canada, |c[2024] |
| 264 | 4|c©2024 |
| 300 | |a1 online resource (1 page) : |billustrations |
| 336 | |atext|btxt|2rdacontent |
| 337 | |acomputer|bc|2rdamedia |
| 338 | |aonline resource|bcr|2rdacarrier |
| 500 | |aIssued also in French under title: Programme pour la surveillance accrue des maladies chroniques : PSAMC. |
| 500 | |a"Pub. : 240329." |
| 650 | 0|aPublic health surveillance|xGovernment policy|zCanada. |
| 655 | 7|aInfographics|2lcgft |
| 710 | 2 |aPublic Health Agency of Canada, |eissuing body. |
| 775 | 08|tProgramme pour la surveillance accrue des maladies chroniques : |w(CaOODSP)9.940161 |
| 856 | 40|qPDF|s628 KB|uhttps://publications.gc.ca/collections/collection_2024/aspc-phac/HP35-185-2024-eng.pdf |
| 856 | 4 |qHTML|sN/A|uhttps://health-infobase.canada.ca/enhanced-surveillance-chronic-disease-program/about.html |
| 986 | |a240329 |